Culture Générale - Série 1583 - Statistiques

Statistiques générales
  • Ce quiz a été pris 150 fois
  • Le résultat moyen est 5 sur 10
Statistiques - réponses
Question Réponse % Correct
Quelle croûte de pâte feuilletée est dite "à la reine", quand elle est garnie de volaille et de champignons et servie chaude ? bouchée
88%
Quel pays d'Afrique a pour capitale la ville de Bissau ? Guinée-Bissau
81%
Les "diables rouges" sont les joueurs de football de l'équipe nationale de la ... Belgique
80%
Quelle est la nationalité du peintre appelé le Caravage ? Italienne
79%
Dans quel département de l'est de la France se situe la commune de Contrexéville ? Vosges
64%
Qui a écrit la trilogie "Les Fourmis", "Le Jour des fourmis", et "La Révolution des fourmis" ? Bernard Werber
51%
Entre 1545 et 1563, quel concile a réaffirmé le dogme et la discipline de l'Église catholique ? concile de Trente
33%
Fin 2008, selon le titre de l'un de ses tubes, quel chanteur nous donne rendez-vous : "Rue des étoiles" ? Grégoire
21%
Quel nom spécifique donne-t-on à la récolte des glands ? glandée
5%
La panorpe est un insecte appelée également "mouche ... scorpion
2%
Aucun quiz correspondant
Distribution des résultats
% des personnes avec chaque résultat
Percentile par nombre de réponses
Votre historique - résultats
Vous n’avez pas pris ce quiz